01014 2200373 4500001002100000005001500021035002500036008004100061020002200102040001700124082001400141084001600155100002300171245008100194250001100275260003400286300003800320650001400358700000800372850001200380007000300392090002000395090002100415504003300436999002100469990001800490990001800508990001800526990002100544990002100565990001800586990001800604990001800622INLIS00000000001458920200625102241 a0010-101500000000323151006s2015 yoia g ind d a978-602-288-117-9 aYOPDYOGbind04223a155.2 a155.2 HAR m0 aHarfi Muthia Rahmi 0aMudahnya mengenal karakter orang lain /cHarfi Muthia Rahmi; penyunting, Mia aCet. 13 aYogyakarta :bNotebook,c2015 a200 halaman :bilustrasi ;c20 cm 4aPsikologi0 aMia aYOPDYOGta aDEP 155.2 HAR m aCB-D.11 2015-638 aBibliografi: halaman 195-200 aCB-D.11/2015-638 a25498-PD/B.15 a25499-PD/B.15 a25500-PD/B.15 aCB-D.11/2015-638 aCB-D.11/2015-638 a25498-PD/B.15 a25499-PD/B.15 a25500-PD/B.15